Statistics for Most Visited Cities In Asia

Click here to take the quiz!

General Stats

  • This quiz has been taken 66 times
  • The average score is 6 of 9

Answer Stats

VisitorsCity% Correct
9.4 mTokyo
100%
24.5 mBangkok
91%
18.2 mSingapore
84%
29.7 mHong Kong
79%
13.3 mKuala Lumpur
70%
9.3 mTaipei
63%
9.1 mGuangzhou
54%
18.4 mMacau
32%
10.7 mPhuket
30%

Score Distribution

Percentile by Number Answered

Percent of People with Each Score

Your Score History

You have not taken this quiz